[Event "ESP-chT CECLUB Div1"]
[Site "Linares"]
[Date "2019.08.28"]
[Round "3.1"]
[White "Almagro Llamas, Pablo"]
[Black "Martinez Ramirez, Erik"]
[Result "1-0"]
[WhiteElo "2453"]
[BlackElo "2217"]
[PlyCount "49"]
[EventDate "2019.08.26"]
[EventType "team-tourn"]
[EventRounds "7"]
[EventCountry "ESP"]
[SourceTitle "EXT 2020"]
[Source "ChessBase"]
[SourceDate "2019.10.17"]
[SourceVersion "1"]
[SourceVersionDate "2019.10.17"]
[SourceQuality "1"]
[WhiteTeam "Virgen de Atocha"]
[BlackTeam "Barbera"]
[WhiteTeamCountry "ESP"]
[BlackTeamCountry "ESP"]

1. c4 Nf6 2. Nf3 g6 3. Nc3 d5 4. cxd5 Nxd5 5. g3 Bg7 6. Bg2 0-0 7. 0-0 Nc6 8. d4 Nb6 9. e3 Re8 10. Qe2 e5 11. dxe5 Nxe5 12. Nxe5 Bxe5 13. e4 Be6 14. Rd1 Qf6 15. f4 Bxc3 16. bxc3 Qxc3 17. Bb2 Qa5 18. f5 Bc8 19. Rac1 Nd7 20. Qe3 Qxa2 21. Qc3 Ne5 22. Rd8 Rxd8 23. Qxe5 f6 24. Qxf6 Rd7 25. fxg6 1-0

[Event "Madrid-ch final"]
[Site "Madrid"]
[Date "2019.05.29"]
[Round "5"]
[White "Martin Duque, Jesus"]
[Black "Almagro Llamas, Pablo"]
[Result "0-1"]
[WhiteElo "2372"]
[BlackElo "2458"]
[PlyCount "96"]
[EventDate "2019.05.25"]
[EventType "swiss"]
[EventRounds "7"]
[EventCountry "ESP"]
[SourceTitle "CBM 190 Extra"]
[Source "ChessBase"]
[SourceDate "2019.07.15"]
[SourceVersion "1"]
[SourceVersionDate "2019.07.15"]
[SourceQuality "1"]

1. e4 c6 2. Nc3 d5 3. Nf3 Bg4 4. h3 Bxf3 5. Qxf3 e6 6. d4 Qb6 7. Bd3 Nf6 8. e5 Nfd7 9. Ne2 c5 10. c3 cxd4 11. cxd4 Bb4+ 12. Kf1 Nc6 13. Qg4 Bf8 14. g3 h5 15. Qf4 h4 16. Kg2 hxg3 17. fxg3 0-0-0 18. Be3 f6 19. Rhc1 fxe5 20. dxe5 Bc5 21. Bd4 Nxd4 22. b4 Nc6 23. bxc5 Nxc5 24. Qe3 Nxd3 25. Qxd3 Rdf8 26. Nf4 Qb2+ 27. Kh1 g5 28. Rab1 Qxa2 29. Qb5 Rh7 30. Rxc6+ Kb8 31. Ra6 Qc2 32. Qb4 Rd8 33. Nh5 Qf5 34. g4 Qf3+ 35. Kg1 Qe3+ 36. Kh1 Qxh3+ 37. Kg1 Qe3+ 38. Kh1 d4 39. Ra3 Qe4+ 40. Kh2 Qxg4 41. Rh3 Rc8 42. Rb2 Qe4 43. Qd6+ Ka8 44. Qxe6 Rch8 45. Qf6 g4 46. Rf2 a6 47. Qd6 gxh3 48. Rf8+ Rxf8 0-1

[Event "Madrid-chT 1819"]
[Site "Madrid"]
[Date "2019.03.02"]
[Round "12.2"]
[White "Almagro Llamas, Pablo"]
[Black "Pulvett Marin, Daniel Eduardo"]
[Result "0-1"]
[WhiteElo "2452"]
[BlackElo "2464"]
[PlyCount "168"]
[EventDate "2018.11.17"]
[EventType "team-tourn"]
[EventRounds "14"]
[EventCountry "ESP"]
[SourceTitle "CBM 189 Extra"]
[Source "ChessBase"]
[SourceDate "2019.06.03"]
[SourceVersion "1"]
[SourceVersionDate "2019.06.03"]
[SourceQuality "1"]
[WhiteTeam "Virgen de Atocha"]
[BlackTeam "Villalba 64"]
[WhiteTeamCountry "ESP"]
[BlackTeamCountry "ESP"]

1. b3 d5 2. Nf3 Bg4 3. Bb2 Nd7 4. g3 Ngf6 5. Bg2 e6 6. 0-0 Bd6 7. d3 a5 8. a4 0-0 9. Nbd2 e5 10. e4 dxe4 11. dxe4 Re8 12. h3 Bh5 13. Qe2 Nc5 14. Qe3 Ra6 15. Rfd1 Qc8 16. Bf1 Ra8 17. Re1 b6 18. Bg2 h6 19. Nc4 Bg6 20. Nfxe5 Bxe4 21. Qc3 Bxe5 22. Nxe5 Bxg2 23. Kxg2 Nce4 24. Qc4 Ng5 25. g4 Rxe5 26. Bxe5 Qb7+ 27. Kh2 Nf3+ 28. Kg3 Nh4 29. Qf1 Ne4+ 30. Rxe4 Qxe4 31. Re1 Qf3+ 32. Kh2 Re8 33. Re3 Qc6 34. Bg3 Nf3+ 35. Kh1 Nh4+ 36. Kg1 Nf3+ 37. Kh1 Rxe3 38. fxe3 Ne1+ 39. Kg1 Nxc2 40. Qd3 Qf3 41. Bf2 Nb4 42. Qd8+ Kh7 43. Qxc7 Qd1+ 44. Kg2 Qd5+ 45. Kg1 Qxb3 46. Qd7 Qb1+ 47. Kh2 Qg6 48. e4 Qxe4 49. Qxf7 Nd5 50. Qb7 Qf4+ 51. Kg1 Qc1+ 52. Kh2 Qd2 53. Kg1 Qd3 54. Qd7 Qd1+ 55. Kh2 Qf3 56. Kg1 Nf6 57. Qb5 Qxh3 58. Qf5+ Kh8 59. Qc8+ Ng8 60. Bxb6 Qg3+ 61. Kh1 Qf3+ 62. Kh2 Qe2+ 63. Kh1 Qe1+ 64. Kh2 Qe2+ 65. Kh3 h5 66. Qc5 Qe6 67. Qd4 hxg4+ 68. Kg2 Qe2+ 69. Kg1 Qe1+ 70. Kg2 Qe2+ 71. Kg1 g3 72. Qh4+ Nh6 73. Qxg3 Qd1+ 74. Kh2 Qxa4 75. Qc7 Qh4+ 76. Kg1 Qg4+ 77. Kh2 a4 78. Bc5 Nf5 79. Bf2 Qf3 80. Kg1 a3 81. Qa5 Qd1+ 82. Kh2 Qd3 83. Qa4 Kh7 84. Qa5 Qc2 0-1

[Event "Madrid-chT 1819"]
[Site "Madrid"]
[Date "2019.01.13"]
[Round "5.2"]
[White "Khamrakulov, Ibragim S"]
[Black "Almagro Llamas, Pablo"]
[Result "1-0"]
[WhiteElo "2444"]
[BlackElo "2452"]
[PlyCount "49"]
[EventDate "2018.11.17"]
[EventType "team-tourn"]
[EventRounds "14"]
[EventCountry "ESP"]
[SourceTitle "CBM 189 Extra"]
[Source "ChessBase"]
[SourceDate "2019.06.03"]
[SourceVersion "1"]
[SourceVersionDate "2019.06.03"]
[SourceQuality "1"]
[WhiteTeam "Villalba 64"]
[BlackTeam "Virgen de Atocha"]
[WhiteTeamCountry "ESP"]
[BlackTeamCountry "ESP"]

1. e4 c5 2. c3 d5 3. exd5 Qxd5 4. d4 Nf6 5. Na3 e6 6. Be3 cxd4 7. Nb5 Qd8 8. Qxd4 Nd5 9. 0-0-0 a6 10. c4 Nc6 11. Qe4 axb5 12. cxd5 Rxa2 13. Kb1 f5 14. Qd3 Nb4 15. Qxb5+ Bd7 16. dxe6 Ra1+ 17. Kxa1 Qa8+ 18. Qa6 Nxa6 19. exd7+ Kd8 20. Kb1 Nc7 21. Nf3 Qa4 22. Rd4 Qc6 23. Bc4 Bc5 24. Bg5+ Be7 25. Re1 1-0

[Event "Madrid-chT 1819"]
[Site "Madrid"]
[Date "2018.11.17"]
[Round "1.2"]
[White "Ovejero, Juan Manuel"]
[Black "Almagro Llamas, Pablo"]
[Result "0-1"]
[WhiteElo "2244"]
[BlackElo "2452"]
[PlyCount "68"]
[EventDate "2018.11.17"]
[EventType "team-tourn"]
[EventRounds "14"]
[EventCountry "ESP"]
[SourceTitle "CBM 189 Extra"]
[Source "ChessBase"]
[SourceDate "2019.06.03"]
[SourceVersion "1"]
[SourceVersionDate "2019.06.03"]
[SourceQuality "1"]
[WhiteTeam "San Sebastian de los Reyes"]
[BlackTeam "Virgen de Atocha"]
[WhiteTeamCountry "ESP"]
[BlackTeamCountry "ESP"]

1. e4 c6 2. d4 d5 3. exd5 cxd5 4. Bd3 Nf6 5. c3 Bg4 6. Qb3 Qc7 7. h3 Bh5 8. g4 Bg6 9. Bxg6 hxg6 10. g5 Nfd7 11. Qxd5 Nc6 12. Ne2 e5 13. Be3 Nb6 14. Qb3 exd4 15. cxd4 Nb4 16. Nbc3 a5 17. a3 a4 18. Qd1 Qc6 19. Ng3 N4d5 20. Nxd5 Qxd5 21. Qg4 Nc4 22. Rc1 Be7 23. 0-0 0-0 24. h4 Rfe8 25. Rc2 Bd6 26. Re1 Bxg3 27. Qxg3 Re4 28. Rce2 Rae8 29. Kf1 Qb5 30. Kg1 Qd7 31. Kh2 Nd6 32. Bf4 Rxe2 33. Rxe2 Rxe2 34. Bxd6 Re1 0-1